000 00216nam a2200085Ia 4500
008 221230s9999 xx 000 0 und d
020 _a9781628924701
100 _aOSEPH
245 0 _aSTRATEGIC DESIGN THINKING INNOVATION IN
999 _c11056
_d11056